000 00336nam a2200145Ia 4500
005 20251222144636.0
008 251222s9999||||xx |||||||||||||| ||spa||
020 _a9789500253284
082 _a940.531/E23
100 _aEder, Cyril
245 0 _aLas Condesas de la Gestapo
250 _a1ra.ed.
264 _bEl Ateneo
942 _cLIB
999 _c16490
_d16490